Protisýrske ťaženie

Začiatok ozbrojeného konfliktu v Sýrii. Tri roviny konfliktu v Sýrii. Dve nebezpečné tendencie vo vývoji protisýrskeho ťaženia v roku 2012. Špecifický bezpečnostno-politický problém.

Na minha lista:
Detalhes bibliográficos
Autor principal: Škvrnda, František
Formato: Capítulo de Livro
Idioma:eslovaco
Assuntos:
Tags: Adicionar Tag
Sem tags, seja o primeiro a adicionar uma tag!

MARC

LEADER 00000nla a2200000 4500
001 0168262
005 20240502072930.7
041 0 |a slo 
044 |a SK 
245 1 0 |a Protisýrske ťaženie  |c František Škvrnda 
520 |a Začiatok ozbrojeného konfliktu v Sýrii. Tri roviny konfliktu v Sýrii. Dve nebezpečné tendencie vo vývoji protisýrskeho ťaženia v roku 2012. Špecifický bezpečnostno-politický problém. 
610 2 0 |a konflikty 
610 2 0 |a politika medzinárodná 
610 2 0 |a politika zahraničná 
610 2 0 |a vojny 
610 2 0 |a USA 
610 2 0 |a Sýria 
100 1 |a Škvrnda, František